000 00300nam a22001337a 4500
008 170615b xxu||||| |||| 00| 0 eng d
020 _a2900865715355
041 _aeng
080 _a32
100 _a19
101 _aSHP
245 _aTOWARD SUSTAINABLE COMMUNITIES
_cROSELAND,M
942 _2udc
_cBK
999 _c17449
_d17449